[Event "17. European Team Championship 2009"]
[Site "Novi Sad SRB"]
[Date "2009.10.24"]
[Round "3.62"]
[White "L'Ami, Erwin"]
[Black "Macieja, Bartlomiej"]
[Result "1/2-1/2"]
[WhiteElo "2606"]
[BlackElo "2618"]
[PlyCount "59"]
[EventDate "2009.10.22"]
[EventType "team"]
[EventRounds "9"]
[EventCountry "SER"]
[Source "lmi"]
[SourceDate "2009.10.22"]

1. d4 Nf6 2. c4 e6 3. Nc3 Bb4 4. Qc2 d5 5. cxd5 exd5 6. Nf3 O-O 7. Bg5 h6 8.
Bh4 c5 9. e3 cxd4 10. Nxd4 Nc6 11. Rd1 g5 12. Bg3 Ne4 13. Nxc6 bxc6 14. Bd3
Bxc3+ 15. bxc3 Bf5 16. f3 Nxg3 17. hxg3 Bxd3 18. Qxd3 Qf6 19. Kf2 Rfb8 20. Rd2
Rb6 21. g4 Rab8 22. Rc1 Rb2 23. Rxb2 Rxb2+ 24. Rc2 Rb1 25. Rd2 Rc1 26. Qd4 Kg7
27. Qxa7 Qxc3 28. Qd4+ Qxd4 29. exd4 Kf8 30. Ke3 1/2-1/2

[Event "17. European Team Championship 2009"]
[Site "Novi Sad SRB"]
[Date "2009.10.24"]
[Round "3.63"]
[White "Bartel, Mateusz"]
[Black "Werle, Jan"]
[Result "1/2-1/2"]
[WhiteElo "2609"]
[BlackElo "2563"]
[PlyCount "107"]
[EventDate "2009.10.22"]
[EventType "team"]
[EventRounds "9"]
[EventCountry "SER"]
[Source "lmi"]
[SourceDate "2009.10.22"]

1. c4 Nf6 2. Nc3 e6 3. Nf3 d5 4. d4 c6 5. Qd3 dxc4 6. Qxc4 b5 7. Qd3 a6 8. Bg5
Nbd7 9. g3 Bb7 10. Rd1 h6 11. Bxf6 Nxf6 12. Bg2 c5 13. O-O c4 14. Qe3 Be7 15.
Ne5 Qb6 16. Bxb7 Qxb7 17. d5 exd5 18. Nxd5 Nxd5 19. Qf3 O-O 20. Rxd5 Rac8 21.
Rfd1 b4 22. e4 Rc7 23. Rc1 Qc8 24. Qe2 c3 25. bxc3 bxc3 26. Rc2 Qe6 27. Nf3
Rfc8 28. Nd4 Qb6 29. Nf5 Bf8 30. Kg2 Qb4 31. Rd4 Qb5 32. Qd1 Qe5 33. Qd3 g6 34.
Ne3 Bg7 35. Rd5 Qe8 36. f3 Qa4 37. Rd6 Rc6 38. Rd7 Qb5 39. Qd5 Rf8 40. Kf2 Rc5
41. Qd3 Rb8 42. Qxb5 axb5 43. Ke2 b4 44. Nd5 Rc4 45. Rc7 Rxc7 46. Nxc7 f5 47.
exf5 gxf5 48. Nd5 Kf7 49. Kd3 Bf8 50. Kc4 Bd6 51. f4 Re8 52. Kd3 Re1 53. Ne3
Ke6 54. Re2 1/2-1/2

[Event "17. European Team Championship 2009"]
[Site "Novi Sad SRB"]
[Date "2009.10.24"]
[Round "3.64"]
[White "Ernst, Sipke"]
[Black "Gajewski, Grzegorz"]
[Result "1-0"]
[WhiteElo "2589"]
[BlackElo "2572"]
[PlyCount "81"]
[EventDate "2009.10.22"]
[EventType "team"]
[EventRounds "9"]
[EventCountry "SER"]
[Source "lmi"]
[SourceDate "2009.10.22"]

1. d4 Nf6 2. c4 e6 3. Nf3 d5 4. g3 dxc4 5. Bg2 a6 6. O-O Nc6 7. e3 Bd7 8. Nc3
Bb4 9. Qe2 Na5 10. e4 O-O 11. Ne5 Bb5 12. Be3 Nd7 13. Nxd7 Qxd7 14. Rad1 Qe7
15. e5 Bxc3 16. bxc3 Bc6 17. Bxc6 bxc6 18. Qg4 Kh8 19. Bg5 Qd7 20. Rfe1 Rab8
21. Re4 f5 22. exf6 gxf6 23. Bf4 Rbe8 24. Rde1 Rg8 25. Qe2 Kg7 26. Qh5 Nb7 27.
Qh6+ Kf7 28. Qxh7+ Rg7 29. Qh5+ Rg6 30. Qh7+ Rg7 31. Qh5+ Rg6 32. Qe2 Na5 33.
Bc1 Qd5 34. Rh4 Reg8 35. Rh5 f5 36. Bf4 c5 37. dxc5 Nc6 38. Rd1 Qxc5 39. Rd7+
Ne7 40. Rxc7 Qd5 41. Rh7+ 1-0

[Event "17. European Team Championship 2009"]
[Site "Novi Sad SRB"]
[Date "2009.10.24"]
[Round "3.74"]
[White "Gordon, Stephen J"]
[Black "Iotov, Valentin"]
[Result "1/2-1/2"]
[WhiteElo "2535"]
[BlackElo "2578"]
[PlyCount "65"]
[EventDate "2009.10.22"]
[EventType "team"]
[EventRounds "9"]
[EventCountry "SER"]
[Source "lmi"]
[SourceDate "2009.10.22"]

1. d4 d5 2. c4 c6 3. Nc3 Nf6 4. e3 g6 5. Nf3 Bg7 6. Be2 O-O 7. O-O Be6 8. b3 a6
9. Bb2 b5 10. Ne5 Ne4 11. cxd5 Nxc3 12. Bxc3 Bxd5 13. Nd3 Nd7 14. Nb4 e6 15. a4
bxa4 16. Rxa4 c5 17. Nxd5 exd5 18. Qa1 cxd4 19. Bxd4 Bxd4 20. Qxd4 Qb6 21. Qxb6
Nxb6 22. Rxa6 Rab8 23. Bf3 Rfc8 24. Ra5 d4 25. exd4 Nd7 26. Bd5 Nb6 27. Bf3 Nd7
28. Bd1 Nf6 29. Ra4 Ne4 30. Bf3 Nd2 31. Rd1 Nxf3+ 32. gxf3 Rxb3 33. Kg2 1/2-1/2

[Event "17. European Team Championship 2009"]
[Site "Novi Sad SRB"]
[Date "2009.10.24"]
[Round "3.83"]
[White "Elsness, Frode"]
[Black "Drozdovskij, Yuri"]
[Result "1/2-1/2"]
[WhiteElo "2458"]
[BlackElo "2627"]
[PlyCount "62"]
[EventDate "2009.10.22"]
[EventType "team"]
[EventRounds "9"]
[EventCountry "SER"]
[Source "lmi"]
[SourceDate "2009.10.22"]

1. d4 Nf6 2. c4 e6 3. Nf3 d5 4. Nc3 Bb4 5. Qa4+ Nc6 6. a3 Bxc3+ 7. bxc3 Ne4 8.
Bb2 Nd6 9. e3 Bd7 10. c5 Ne4 11. Qc2 b6 12. c4 bxc5 13. dxc5 O-O 14. Bd3 Qe7
15. cxd5 exd5 16. Rc1 Rab8 17. Ba1 Bf5 18. O-O Bg6 19. Rfd1 Rfd8 20. h3 Qe6 21.
Qa4 f6 22. Bf1 Bh5 23. Be2 Be8 24. Nd4 Nxd4 25. Qxd4 c6 26. Qa4 Qd7 27. Bd3 Bg6
28. Qc2 Qe8 29. Qa4 Qd7 30. Qc2 Qe8 31. Qa4 Qd7 1/2-1/2

[Event "17. European Team Championship 2009"]
[Site "Novi Sad SRB"]
[Date "2009.10.24"]
[Round "3.84"]
[White "Kryvoruchko, Yuriy"]
[Black "Thomassen, Joachim"]
[Result "1/2-1/2"]
[WhiteElo "2612"]
[BlackElo "2332"]
[PlyCount "105"]
[EventDate "2009.10.22"]
[EventType "team"]
[EventRounds "9"]
[EventCountry "SER"]
[Source "lmi"]
[SourceDate "2009.10.22"]

1. e4 c5 2. Nf3 d6 3. d4 cxd4 4. Nxd4 Nf6 5. Nc3 a6 6. Be3 e6 7. f3 b5 8. Qd2
b4 9. Na4 Nbd7 10. c4 bxc3 11. Nxc3 Bb7 12. Be2 Be7 13. O-O O-O 14. Rfc1 Qb8
15. b4 Rd8 16. Rab1 d5 17. exd5 Nxd5 18. Nxd5 Bxd5 19. a4 Bd6 20. h3 Nf6 21.
Qc3 Bh2+ 22. Kf1 Nh5 23. Nc6 Bxc6 24. Qxc6 Ng3+ 25. Ke1 Nf5 26. Bf2 Bg3 27. Qc3
h5 28. Rb3 Bxf2+ 29. Kxf2 Qg3+ 30. Kg1 Nd4 31. Rb2 Qe5 32. Kf2 h4 33. Qe3 Qg3+
34. Kg1 Nf5 35. Qc3 Qf4 36. Bf1 Rac8 37. Qxc8 Qd4+ 38. Rf2 Rxc8 39. Rxc8+ Kh7
40. Rc4 Qd1 41. b5 axb5 42. axb5 g5 43. Rb4 Qe1 44. Rbb2 Ng3 45. b6 Qc1 46. Rb5
Qe3 47. b7 Nxf1 48. b8=Q Ng3 49. Rb1 Ne2+ 50. Kf1 Ng3+ 51. Kg1 Ne2+ 52. Kf1
Ng3+ 53. Kg1 1/2-1/2

[Event "17. European Team Championship 2009"]
[Site "Novi Sad SRB"]
[Date "2009.10.24"]
[Round "3.92"]
[White "Pelletier, Yannick"]
[Black "Fressinet, Laurent"]
[Result "1/2-1/2"]
[WhiteElo "2589"]
[BlackElo "2658"]
[PlyCount "74"]
[EventDate "2009.10.22"]
[EventType "team"]
[EventRounds "9"]
[EventCountry "SER"]
[Source "lmi"]
[SourceDate "2009.10.22"]

1. d4 d5 2. c4 e6 3. Nf3 Nf6 4. g3 dxc4 5. Bg2 a6 6. O-O Nc6 7. Bg5 Be7 8. e3
Nd5 9. Bxe7 Ncxe7 10. Ne5 b5 11. b3 cxb3 12. axb3 O-O 13. Qc2 Bb7 14. Nd3 Qd6
15. Qb2 Qb6 16. e4 Nf6 17. Nc5 Rfd8 18. Nc3 Bc6 19. b4 Be8 20. e5 Nfd5 21. Nxd5
Nxd5 22. Ra5 Bc6 23. Rfa1 Ra7 24. Rxa6 Rda8 25. Rxa7 Rxa7 26. Ra3 h6 27. Qa1
Rxa3 28. Qxa3 Ne7 29. Qa6 Bxg2 30. Kxg2 Qc6+ 31. Qxc6 Nxc6 32. Na6 Nxd4 33.
Nxc7 Kf8 34. f4 Ke7 35. Kf2 Kd7 36. Na6 Nf5 37. Kf3 Ke7 1/2-1/2

[Event "17. European Team Championship 2009"]
[Site "Novi Sad SRB"]
[Date "2009.10.24"]
[Round "3.94"]
[White "Gallagher, Joseph G"]
[Black "Feller, Sebastien"]
[Result "1/2-1/2"]
[WhiteElo "2464"]
[BlackElo "2570"]
[PlyCount "112"]
[EventDate "2009.10.22"]
[EventType "team"]
[EventRounds "9"]
[EventCountry "SER"]
[Source "lmi"]
[SourceDate "2009.10.22"]

1. d4 Nf6 2. Bf4 e6 3. e3 b6 4. Nf3 Bb7 5. Nbd2 Be7 6. h3 c5 7. Bd3 cxd4 8.
exd4 d6 9. O-O O-O 10. Re1 Re8 11. c3 a6 12. a4 Nbd7 13. Bh2 Nf8 14. Qb3 Ng6
15. Bf1 Qc7 16. c4 Bf8 17. a5 bxa5 18. Qc3 Reb8 19. Rxa5 Bxf3 20. Nxf3 Rxb2 21.
Rxa6 Rxa6 22. Qxb2 Rb6 23. Qa1 Qb7 24. Bd3 Be7 25. Rb1 Rxb1+ 26. Qxb1 Qxb1+ 27.
Bxb1 Nd7 28. Kf1 Nb6 29. Bd3 Na4 30. Ke1 Nf8 31. Kd2 f5 32. g4 fxg4 33. hxg4 g6
34. g5 Nd7 35. Bc2 Nab6 36. Bb3 Kf8 37. Kc3 e5 38. dxe5 dxe5 39. Nxe5 Bxg5 40.
Nxd7+ Nxd7 41. Kd4 Be7 42. Kd5 Nf6+ 43. Kd4 Nd7 44. f3 h5 45. Kd5 g5 46. Bc2 g4
47. fxg4 Nb6+ 48. Kc6 Nxc4 49. gxh5 Ne3 50. Bg6 Ng4 51. Bf4 Kg7 52. Kd7 Bf6 53.
Ke6 Bb2 54. Bf5 Nh6 55. Bh3 Ng8 56. Bf1 Bc3 1/2-1/2

[Event "17. European Team Championship 2009"]
[Site "Novi Sad SRB"]
[Date "2009.10.24"]
[Round "3.102"]
[White "Pavasovic, Dusko"]
[Black "Laznicka, Viktor"]
[Result "0-1"]
[WhiteElo "2602"]
[BlackElo "2634"]
[PlyCount "61"]
[EventDate "2009.10.22"]
[EventType "team"]
[EventRounds "9"]
[EventCountry "SER"]
[Source "lmi"]
[SourceDate "2009.10.22"]

1. e4 c5 2. Nf3 Nc6 3. c3 Nf6 4. e5 Nd5 5. Bc4 Nb6 6. Bb3 c4 7. Bc2 Qc7 8. Qe2
g5 9. h3 Bg7 10. O-O Nxe5 11. Nxg5 d5 12. a4 Bd7 13. a5 Nc8 14. Re1 e6 15. Nf3
Nxf3+ 16. Qxf3 Ne7 17. d4 cxd3 18. Bxd3 O-O 19. Qh5 f5 20. Bh6 e5 21. Nd2 e4
22. Bc2 Rf7 23. Bb3 Bxh6 24. Qxh6 Kh8 25. Qe3 Rg7 26. Kh1 Rag8 27. Qd4 Qd6 28.
Rg1 Qh6 29. Nf1 f4 30. Nh2 e3 31. Bc2 0-1

[Event "17. European Team Championship 2009"]
[Site "Novi Sad SRB"]
[Date "2009.10.24"]
[Round "3.104"]
[White "Sebenik, Matej"]
[Black "Babula, Vlastimil"]
[Result "1-0"]
[WhiteElo "2489"]
[BlackElo "2569"]
[PlyCount "79"]
[EventDate "2009.10.22"]
[EventType "team"]
[EventRounds "9"]
[EventCountry "SER"]
[Source "lmi"]
[SourceDate "2009.10.22"]

1. d4 Nf6 2. c4 e6 3. g3 Bb4+ 4. Bd2 a5 5. Bg2 d6 6. Nf3 Nbd7 7. O-O e5 8. Nc3
O-O 9. Qc2 Re8 10. e4 exd4 11. Nxd4 Ne5 12. Rad1 Bc5 13. Nce2 Bg4 14. f3 Bh5
15. Kh1 c6 16. Bc1 Bg6 17. Nf4 Qb6 18. Nb3 a4 19. Nxc5 Qxc5 20. Nxg6 hxg6 21.
b3 axb3 22. axb3 b5 23. f4 Ned7 24. Rfe1 bxc4 25. Be3 cxb3 26. Qxb3 Qa3 27.
Qxa3 Rxa3 28. Bg1 d5 29. e5 Nh7 30. Rc1 Ra6 31. Bf1 Ra5 32. Rxc6 g5 33. Rd6
Ndf8 34. f5 Nf6 35. Bb6 Ra2 36. Bb5 Re7 37. Rd8 N6d7 38. Bc7 Nxe5 39. Bxe5 f6
40. Rxf8+ 1-0

[Event "17. European Team Championship 2009"]
[Site "Novi Sad SRB"]
[Date "2009.10.24"]
[Round "3.111"]
[White "Papaioannou, Ioannis"]
[Black "Istratescu, Andrei"]
[Result "1/2-1/2"]
[WhiteElo "2628"]
[BlackElo "2624"]
[PlyCount "32"]
[EventDate "2009.10.22"]
[EventType "team"]
[EventRounds "9"]
[EventCountry "SER"]
[Source "lmi"]
[SourceDate "2009.10.22"]

1. d4 d5 2. Nf3 Nf6 3. c4 dxc4 4. e3 e6 5. Bxc4 a6 6. O-O c5 7. Bd3 Nbd7 8. Re1
b6 9. e4 cxd4 10. e5 Nd5 11. Nxd4 Qc7 12. Nc3 Nxc3 13. bxc3 g6 14. Bf4 Bb7 15.
Qg4 Be7 16. Qg3 Nc5 1/2-1/2

[Event "17. European Team Championship 2009"]
[Site "Novi Sad SRB"]
[Date "2009.10.24"]
[Round "3.121"]
[White "Miladinovic, Igor"]
[Black "Nyback, Tomi"]
[Result "1/2-1/2"]
[WhiteElo "2547"]
[BlackElo "2615"]
[PlyCount "26"]
[EventDate "2009.10.22"]
[EventType "team"]
[EventRounds "9"]
[EventCountry "SER"]
[Source "lmi"]
[SourceDate "2009.10.22"]

1. d4 Nf6 2. Nf3 d5 3. c4 c6 4. cxd5 cxd5 5. Nc3 Nc6 6. Bf4 Bf5 7. e3 e6 8. Qb3
Bb4 9. Bb5 O-O 10. Bxc6 Bxc3+ 11. Qxc3 Rc8 12. Ne5 Ng4 13. Nxg4 Bxg4 1/2-1/2

[Event "17. European Team Championship 2009"]
[Site "Novi Sad SRB"]
[Date "2009.10.24"]
[Round "3.122"]
[White "Karttunen, Mika"]
[Black "Sedlak, Nikola"]
[Result "1/2-1/2"]
[WhiteElo "2426"]
[BlackElo "2571"]
[PlyCount "232"]
[EventDate "2009.10.22"]
[EventType "team"]
[EventRounds "9"]
[EventCountry "SER"]
[Source "lmi"]
[SourceDate "2009.10.22"]

1. d4 e6 2. c4 f5 3. g3 Nf6 4. Bg2 c6 5. Nf3 d5 6. O-O Bd6 7. Bf4 Bxf4 8. gxf4
O-O 9. Nbd2 Nbd7 10. e3 Qe7 11. Qc2 Ne4 12. Rfb1 Ndf6 13. h3 a5 14. Ne5 Bd7 15.
c5 Kh8 16. Nf1 Nh5 17. f3 Neg3 18. Nxg3 Nxg3 19. Qf2 Nh5 20. b4 axb4 21. Rxb4
Bc8 22. a4 Nf6 23. Qh4 Qe8 24. a5 Nd7 25. Nd3 Rf6 26. Rbb1 Qd8 27. Qe1 h6 28.
h4 Rf8 29. Ra2 Ra7 30. Rbb2 Kh7 31. Bf1 Qe8 32. Nb4 Nf6 33. Nd3 Nd7 34. Nc1 Qh5
35. Qg3 Rf6 36. Rg2 Rg6 37. Qxg6+ Qxg6 38. Rxg6 Kxg6 39. Nd3 Kf7 40. Nb4 Nb8
41. Kf2 Bd7 42. Ke1 Be8 43. Kd2 Ke7 44. Kc3 Bh5 45. Be2 Kd7 46. Bd1 Kc7 47. Nd3
Nd7 48. Rg2 g6 49. Kb4 Ra8 50. Be2 Ra7 51. Rg1 Ra8 52. Nf2 Nf6 53. Nd3 Nd7 54.
Ra1 Ra7 55. Kc3 Ra8 56. Kd2 Ra7 57. Nb4 Nb8 58. Ke1 Ra8 59. Kf2 Ra7 60. Ra2 Ra8
61. a6 bxa6 62. Bxa6 Ra7 63. Be2 Rxa2 64. Nxa2 Nd7 65. Bd1 Nf6 66. Ba4 Nd7 67.
Nb4 Nb8 68. Nd3 Nd7 69. Bd1 Kb7 70. Ke2 Ka6 71. Kd2 Ka5 72. Kc3 Ka6 73. Kb4 Kb7
74. Ka5 Ka7 75. Ne1 Kb7 76. Ba4 Nb8 77. Kb4 Nd7 78. Kc3 Kc7 79. Kd2 Kb7 80. Ke2
Kc7 81. Kf2 Kb7 82. Nd3 Kc7 83. Kg3 Kb7 84. Nc1 Kc7 85. Nb3 Nb8 86. Na5 Kd7 87.
Kf2 Kc7 88. Ke2 Kd7 89. Nb7 Ke7 90. Kf2 Kd7 91. Nd6 Ke7 92. Kg3 Kf8 93. Kf2 Ke7
94. Ke2 Kf8 95. Bd1 Ke7 96. Kd2 Nd7 97. Kc3 Nf6 98. Ba4 Bxf3 99. Bxc6 Be2 100.
Kd2 Ba6 101. Ba4 Nh7 102. Be8 g5 103. fxg5 hxg5 104. hxg5 Nxg5 105. Bh5 Nh7
106. Be2 Bxe2 107. Kxe2 Ng5 108. Nb7 Kd7 109. Nd6 Kc6 110. Kf2 e5 111. Nxf5
exd4 112. exd4 Ne4+ 113. Ke3 Nxc5 114. Ne7+ Kd6 115. dxc5+ Kxc5 116. Nxd5 Kxd5
1/2-1/2

[Event "17. European Team Championship 2009"]
[Site "Novi Sad SRB"]
[Date "2009.10.24"]
[Round "3.124"]
[White "Luukkonen, Tommi"]
[Black "Brenjo, Slavisa"]
[Result "0-1"]
[WhiteElo "2317"]
[BlackElo "2495"]
[PlyCount "116"]
[EventDate "2009.10.22"]
[EventType "team"]
[EventRounds "9"]
[EventCountry "SER"]
[Source "lmi"]
[SourceDate "2009.10.22"]

1. e4 e5 2. Nf3 Nc6 3. d4 exd4 4. Nxd4 Nf6 5. Nxc6 bxc6 6. e5 Qe7 7. Qe2 Nd5 8.
c4 Ba6 9. b3 O-O-O 10. g3 Re8 11. Bb2 h5 12. Nd2 h4 13. Bh3 Qg5 14. Nf3 Bb4+
15. Kf1 Qh5 16. Rd1 g5 17. Nd4 hxg3 18. hxg3 Qxe2+ 19. Nxe2 Nb6 20. a3 Be7 21.
e6 fxe6 22. Bxh8 Rxh8 23. Kg2 Rf8 24. a4 Bb7 25. Bg4 c5+ 26. f3 a5 27. Nc3 Bf6
28. Ne4 Bxe4 29. fxe4 Bd4 30. Rdf1 Rg8 31. Rf7 Be5 32. Rhh7 Bc3 33. Bxe6 dxe6
34. Rxc7+ Kd8 35. Rb7 Nc8 36. Rhd7+ Ke8 37. Rdc7 Kd8 38. Rxc5 Bb4 39. Re5 Rg6
40. Kf3 g4+ 41. Ke3 Ne7 42. Rh5 Kc8 43. Ra7 Kb8 44. Rd7 Kc8 45. Rd3 Nc6 46. e5
Rg7 47. Ke4 Kc7 48. Rh6 Nd8 49. Rh8 Nb7 50. Kf4 Ba3 51. Rd1 Nc5 52. Ra8 Kb6 53.
Rh8 Bc1+ 54. Rxc1 Nd3+ 55. Ke4 Nxc1 56. c5+ Kc6 57. Rb8 Ne2 58. Rc8+ Kb7 0-1

[Event "17. European Team Championship 2009"]
[Site "Novi Sad SRB"]
[Date "2009.10.24"]
[Round "3.141"]
[White "Sulskis, Sarunas"]
[Black "Stevic, Hrvoje"]
[Result "0-1"]
[WhiteElo "2568"]
[BlackElo "2624"]
[PlyCount "68"]
[EventDate "2009.10.22"]
[EventType "team"]
[EventRounds "9"]
[EventCountry "SER"]
[Source "lmi"]
[SourceDate "2009.10.22"]

1. e4 e5 2. Nf3 Nc6 3. Bb5 g6 4. c3 Nge7 5. d4 exd4 6. cxd4 d5 7. exd5 Nxd5 8.
O-O Bg7 9. Re1+ Be6 10. Bxc6+ bxc6 11. Bg5 Qb8 12. Qc1 O-O 13. Bh6 Nb4 14. Bxg7
Kxg7 15. Ne5 Nxa2 16. Rxa2 Bxa2 17. Nc3 Be6 18. Nxc6 Qb3 19. d5 Bd7 20. Ne7
Rae8 21. d6 cxd6 22. Ncd5 Rb8 23. Qc7 Rfd8 24. h4 Qxb2 25. Re3 Qd4 26. Qc1 Be6
27. Rg3 Qe4 28. Nc3 Qxh4 29. Qa1 Qf6 30. Nc6 Bf5 31. Rf3 d5 32. Nxd8 Rxd8 33.
g4 d4 34. Ne2 d3 0-1

[Event "17. European Team Championship 2009"]
[Site "Novi Sad SRB"]
[Date "2009.10.24"]
[Round "3.143"]
[White "Cmilyte, Viktorija"]
[Black "Bosiocic, Marin"]
[Result "1/2-1/2"]
[WhiteElo "2477"]
[BlackElo "2571"]
[PlyCount "43"]
[EventDate "2009.10.22"]
[EventType "team"]
[EventRounds "9"]
[EventCountry "SER"]
[Source "lmi"]
[SourceDate "2009.10.22"]

1. Nf3 Nf6 2. c4 e6 3. Nc3 Bb4 4. Qc2 O-O 5. a3 Bxc3 6. Qxc3 d5 7. e3 b6 8. b4
Bb7 9. Bb2 Nbd7 10. c5 c6 11. Bd3 a5 12. O-O bxc5 13. bxc5 Ba6 14. Bxa6 Rxa6
15. a4 Re8 16. d4 Ne4 17. Qd3 Qc8 18. Nd2 Nxd2 19. Qxd2 e5 20. Bc3 Ra7 21. Rfb1
exd4 22. Bxd4 1/2-1/2

[Event "17. European Team Championship 2009"]
[Site "Novi Sad SRB"]
[Date "2009.10.24"]
[Round "3.151"]
[White "Dizdarevic, Emir"]
[Black "Ragger, Markus"]
[Result "0-1"]
[WhiteElo "2483"]
[BlackElo "2561"]
[PlyCount "130"]
[EventDate "2009.10.22"]
[EventType "team"]
[EventRounds "9"]
[EventCountry "SER"]
[Source "lmi"]
[SourceDate "2009.10.22"]

1. Nf3 Nf6 2. g3 d5 3. Bg2 c6 4. O-O Bg4 5. d4 Nbd7 6. Nbd2 e6 7. Re1 Be7 8. e4
O-O 9. c3 Bh5 10. Qb3 Qb6 11. exd5 cxd5 12. Ne5 Nxe5 13. Qxb6 axb6 14. dxe5 Nd7
15. c4 Nc5 16. cxd5 exd5 17. Bxd5 Nd3 18. Re3 Nxc1 19. Rxc1 Rad8 20. Rd3 Be2
21. Rcc3 Bxd3 22. Rxd3 g6 23. Kg2 Kg7 24. f4 Rd7 25. Kf3 Rfd8 26. Ke4 f5+ 27.
exf6+ Bxf6 28. b3 g5 29. Nc4 Re7+ 30. Kf3 g4+ 31. Kxg4 b5 32. Nb6 Ree8 33. a4
Rd6 34. a5 Bd8 35. Kf3 Bxb6 36. axb6 Red8 37. Ke4 R8d7 38. Ke5 Rxb6 39. f5 b4
40. g4 Rc6 41. Rd4 Rc2 42. Ke6 Rd8 43. Ke7 Rf8 44. h4 h5 45. Rxb4 Rcc8 46. Be6
Rce8+ 47. Kd6 hxg4 48. Rxg4+ Kh6 49. Ke5 Ra8 50. Rb4 Rh8 51. Rg4 b5 52. Kd6 Ra7
53. Kc5 Rc7+ 54. Kb6 Rc1 55. Bg8 Kh5 56. Rg2 Rf1 57. Bf7+ Kh6 58. Be6 Rc1 59.
Bg8 Rf1 60. Be6 Rc1 61. Ka5 b4 62. Rg6+ Kh7 63. Bc4 Rb8 64. Rb6 Rxb6 65. Kxb6
Rxc4 0-1

[Event "17. European Team Championship 2009"]
[Site "Novi Sad SRB"]
[Date "2009.10.24"]
[Round "3.162"]
[White "Van Hoolandt, Patrick"]
[Black "Mitkov, Nikola"]
[Result "0-1"]
[WhiteElo "2229"]
[BlackElo "2525"]
[PlyCount "52"]
[EventDate "2009.10.22"]
[EventType "team"]
[EventRounds "9"]
[EventCountry "SER"]
[Source "lmi"]
[SourceDate "2009.10.22"]

1. d4 Nf6 2. c4 e6 3. Nf3 d5 4. Nc3 Bb4 5. cxd5 exd5 6. Bg5 h6 7. Bh4 g5 8. Bg3
Ne4 9. Nd2 Nxg3 10. hxg3 c6 11. a3 Be7 12. e3 Bf5 13. g4 Bg6 14. Nf3 Qb6 15.
Bd3 Nd7 16. b4 Kf8 17. Qc2 Kg7 18. Rb1 Bd6 19. Na4 Qc7 20. Nc5 Rae8 21. Nxd7
Qxd7 22. Bf5 Bxf5 23. gxf5 Kf6 24. g4 h5 25. gxh5 Qxf5 26. Qxf5+ Kxf5 0-1

[Event "17. European Team Championship 2009"]
[Site "Novi Sad SRB"]
[Date "2009.10.24"]
[Round "3.163"]
[White "Nedev, Trajko"]
[Black "Ribbegren, Karl Johan"]
[Result "1-0"]
[WhiteElo "2511"]
[BlackElo "2158"]
[PlyCount "57"]
[EventDate "2009.10.22"]
[EventType "team"]
[EventRounds "9"]
[EventCountry "SER"]
[Source "lmi"]
[SourceDate "2009.10.22"]

1. e4 d6 2. d4 Nf6 3. Nc3 g6 4. Bg5 Bg7 5. Qd2 c6 6. f4 b5 7. Bd3 a6 8. Nf3 Bg4
9. O-O O-O 10. Kh1 Nbd7 11. e5 Ne8 12. h3 Bxf3 13. Rxf3 c5 14. dxc5 Nxc5 15.
Nd5 Ra7 16. Qe3 f6 17. exf6 Nxf6 18. Bxf6 Bxf6 19. f5 Bxb2 20. Raf1 g5 21. c3
Kh8 22. Qd4+ Kg8 23. h4 b4 24. Bc4 e6 25. fxe6 Rxf3 26. Rxf3 Re7 27. Nf6+ Kh8
28. Ne8+ Kg8 29. Qh8+ 1-0

[Event "17. European Team Championship 2009"]
[Site "Novi Sad SRB"]
[Date "2009.10.24"]
[Round "3.164"]
[White "Iclicki, Willy"]
[Black "Stanojoski, Zvonko"]
[Result "0-1"]
[WhiteElo "2052"]
[BlackElo "2492"]
[PlyCount "94"]
[EventDate "2009.10.22"]
[EventType "team"]
[EventRounds "9"]
[EventCountry "SER"]
[Source "lmi"]
[SourceDate "2009.10.22"]

1. d4 d5 2. c4 e6 3. Nc3 c6 4. cxd5 exd5 5. Qc2 Bd6 6. Nf3 Ne7 7. Bg5 f6 8. Bh4
Bf5 9. Qd2 g5 10. Bg3 h5 11. Bxd6 Qxd6 12. e3 h4 13. h3 Nd7 14. Bd3 Qe6 15. Qc2
O-O-O 16. Bxf5 Nxf5 17. O-O-O Nd6 18. Nd2 f5 19. Rde1 Kb8 20. Kb1 Rc8 21. Nb3
b6 22. Qd3 Kb7 23. f3 Rce8 24. Re2 Re7 25. Rhe1 Rhe8 26. Nd2 Qg6 27. Qc2 Nf6
28. b3 Re6 29. Kb2 R8e7 30. a3 Qe8 31. Qd3 Nh5 32. Nf1 Qg6 33. Qc2 Qe8 34. Qd3
Qg8 35. Qc2 g4 36. fxg4 fxg4 37. hxg4 Qxg4 38. Nh2 Qg7 39. Nf3 Ng3 40. Rf2 Rxe3
41. Rxe3 Rxe3 42. Ne5 Rxe5 43. dxe5 Qxe5 44. Ka2 d4 45. Nd1 Nge4 46. Re2 Qd5
47. a4 d3 0-1

[Event "17. European Team Championship 2009"]
[Site "Novi Sad SRB"]
[Date "2009.10.24"]
[Round "3.171"]
[White "Haznedaroglu, Kivanc"]
[Black "Gunnarsson, Jon Viktor"]
[Result "1-0"]
[WhiteElo "2499"]
[BlackElo "2462"]
[PlyCount "51"]
[EventDate "2009.10.22"]
[EventType "team"]
[EventRounds "9"]
[EventCountry "SER"]
[Source "lmi"]
[SourceDate "2009.10.22"]

1. e4 c5 2. Nf3 d6 3. d4 cxd4 4. Nxd4 Nf6 5. Nc3 g6 6. Be3 a6 7. f3 b5 8. Qd2
Bb7 9. a4 e5 10. Nb3 b4 11. Nd5 Nxd5 12. exd5 Nd7 13. O-O-O Rb8 14. f4 Be7 15.
h4 O-O 16. h5 Nf6 17. hxg6 fxg6 18. fxe5 Ng4 19. Kb1 Nxe5 20. Ba7 Ra8 21. Bd4
Bf6 22. Qxb4 Qc7 23. Bb6 Qd7 24. g3 Rac8 25. Na5 Qf5 26. Qb3 1-0

[Event "17. European Team Championship 2009"]
[Site "Novi Sad SRB"]
[Date "2009.10.24"]
[Round "3.172"]
[White "Arngrimsson, Dagur"]
[Black "Esen, Baris"]
[Result "0-1"]
[WhiteElo "2396"]
[BlackElo "2494"]
[PlyCount "94"]
[EventDate "2009.10.22"]
[EventType "team"]
[EventRounds "9"]
[EventCountry "SER"]
[Source "lmi"]
[SourceDate "2009.10.22"]

1. e4 c5 2. Nf3 d6 3. d4 cxd4 4. Nxd4 Nf6 5. Nc3 a6 6. Bc4 e6 7. Bb3 Nbd7 8.
Bg5 Nc5 9. f4 Be7 10. Qf3 Qc7 11. O-O b5 12. e5 Bb7 13. Qe2 dxe5 14. fxe5 Nfe4
15. Nxe4 Bxe4 16. Bxe7 Qxe7 17. Bxe6 fxe6 18. b4 O-O-O 19. Rfd1 Bb7 20. c4 Ne4
21. cxb5 Qxb4 22. a3 Qa4 23. Rdc1+ Kb8 24. Rc4 Rxd4 25. Rxa4 Rxa4 26. Qe3 axb5
27. Rb1 Rd8 28. h3 Rd5 29. Rf1 Rad4 30. Rf7 Rd7 31. Rxd7 Rxd7 32. Qb6 Rd2 33.
Qxb5 h5 34. h4 Kc8 35. Qb4 Bd5 36. Qf8+ Kc7 37. Qxg7+ Kc6 38. Qf7 Kc5 39. Kh2
Kd4 40. Qf8 Rf2 41. Qb4+ Kxe5 42. Kh3 Rf1 43. Kh2 Rf4 44. Qb5 Rxh4+ 45. Kg1 Rg4
46. Qb8+ Kf5 47. Qf8+ Nf6 0-1

[Event "17. European Team Championship 2009"]
[Site "Novi Sad SRB"]
[Date "2009.10.24"]
[Round "3.173"]
[White "Erdogdu, Mert"]
[Black "Thorfinnsson, Bjorn"]
[Result "1-0"]
[WhiteElo "2467"]
[BlackElo "2395"]
[PlyCount "35"]
[EventDate "2009.10.22"]
[EventType "team"]
[EventRounds "9"]
[EventCountry "SER"]
[Source "lmi"]
[SourceDate "2009.10.22"]

1. e4 e5 2. Nf3 Nc6 3. Bc4 Bc5 4. c3 Nf6 5. d3 d6 6. O-O a6 7. Bb3 Ba7 8. Re1
Qe7 9. Nbd2 Ng4 10. Re2 Be6 11. h3 Nf6 12. Nc4 Nd7 13. d4 b5 14. Ne3 Bxb3 15.
axb3 Bb6 16. Nf5 Qf6 17. Bg5 Qg6 18. N3h4 1-0